China: Provinzen an ihren Umrissen erkennen. - Statistiken

Allgemein
  • Dieses Quiz wurde 6 mal gespielt
  • Das Durchschnittsergebnis liegt bei 15 aus 33
Antwortstatistiken
Bildquiz Antwort % Korrekt
Hongkong
100%
Macau
67%
Peking
67%
Shanghai
67%
Xizang
67%
Chongqing
50%
Fujian
50%
Gansu
50%
Guangdong
50%
Hainan
50%
Hebei
50%
Jiangsu
50%
Nei Menggu
50%
Ningxia
50%
Shaanxi
50%
Shanxi
50%
Sichuan
50%
Yunnan
50%
Zhejiang
50%
Anhui
33%
Guizhou
33%
Heilongjiang
33%
Henan
33%
Hubei
33%
Hunan
33%
Jiangxi
33%
Jilin
33%
Liaoning
33%
Shandong
33%
Tianjin
33%
Xinjiang
33%
Guangxi
17%
Qinhai
17%
Keine übereinstimmenden Quizze gefunden
Verteilung der Resultate
Anzahl Personen mit jedem Resultat
Perzentil nach korrekt beantworteten Fragen
Ihre Resultats-Entwicklung
Sie haben dieses Quiz noch nicht gespielt